| 000 | 00583nam a22002177a 4500 | ||
|---|---|---|---|
| 001 | 00540 | ||
| 003 | DO-SdBNP | ||
| 005 | 20160615142714.0 | ||
| 007 | 00540 | ||
| 008 | 160615b sp 1973|||| 00| 0 spa d | ||
| 020 | _a8471532077 | ||
| 040 |
_aBPMSU _bspa _cBPMSU |
||
| 092 |
_axxxxxxxxx _bxxxxxxxxx |
||
| 245 |
_aDiccionario abreviado de sinónimos / _cprólogo Sámuel Gili Gaya |
||
| 250 | _a2a ed. | ||
| 260 |
_aBarcelona : _bBibliograf, _c1973. |
||
| 300 |
_a240 p. : _c14 cm. |
||
| 700 | 1 |
_aGili Gaya, Sámuel, _etr. |
|
| 942 |
_2ddc _cBK |
||
| 956 |
_aBTAVÁREZ _b10 _c15062016 _d00540 |
||
| 999 |
_c10391 _d10391 |
||